| 000 | 01355 a2200217 4500 | ||
|---|---|---|---|
| 020 | _a0072898402 | ||
| 020 | _a9780072898408 | ||
| 082 | 0 | 4 | _a338.5 |
| 090 |
_c3475 _d3475 |
||
| 100 | 1 | _aMcConnell, Campbell R. | |
| 245 | 1 | 0 |
_aMicroeconomics : _bprinciples, problems, and policies / _cCampbell R. McConnell. |
| 250 | _a14th ed. | ||
| 260 |
_a[S.l.] : _bRichard D Irwin, _c1998. |
||
| 300 |
_a547 p. ; _c25 cm. |
||
| 500 | _aPaperback. | ||
| 520 | _aMcConnell and Brue's "Microeconomics: Principles, Problems, and Policies" is the leading Principles of Microeconomics textbook. It continues to be innovative while teaching students in a clear, unbiased way. The 18th edition builds upon the tradition of leadership by sticking to 3 main goals: help the beginning student master the principles essential for understanding the economizing problem, specific economic issues, and the policy alternatives; help the student understand and apply the economic perspective and reason accurately and objectively about economic matters; and, promote a lasting student interest in economics and the economy. | ||
| 700 | 1 | _aBrue, Stanley L. | |
| 856 | 4 | 0 |
_3Amazon.com _uhttp://www.amazon.com/exec/obidos/ASIN/0072898402/chopaconline-20 |
| 856 | 4 | 0 |
_3Amazon customer reviews _uhttp://www.chopac.org/cgi-bin/tools/azrev.pl?q=0072898402 |
| 942 |
_aNBS _cBK _k338.5 MCC |
||
| 999 |
_c345952 _d345952 |
||